000 00577nam a2200193Ia 4500
003 GCL
008 140319s9999 xx 000 0 ara d
040 _aGCL /
_cGCL
082 0 4 _a891.7
_bك ح
100 1 _aمحمد فتحى
245 1 0 _aالحرية والموت /
_cمحمد فتحى
700 1 _aسعد زغلول نصار
700 1 _aكازانتزاكس، نيقوس
300 _a286 ص
490 _aالينابيع
_v0
650 0 4 _aالادب الروسى المترجم
650 0 4 _aالمسرحيات الروسية المترجمة
942 _2ddc
_cBK
999 _c40118
_d40118